Państwa zawierające inne słowo - Statystyki

Ogólne statystyki
  • Ten quiz został rozwiązany 48 razy
  • Średni wynik to 30 z 73
Statystyki odpowiedzi
- Opis Państwo % Poprawnych
G trafienie do bramki anGOLa
92%
G trafienie do bramki monGOLia
92%
B dom dla psa antigua i barBUDA
90%
A strój na komunię ALBAnia
87%
R żyli tam Adam i Ewa bahRAJn
87%
B zablokowanie konta liBAN
87%
R bieg po angielsku bRUNei
85%
R bieg po angielsku buRUNdi
85%
R bieg po angielsku kameRUN
85%
U grupa mięśni kończyny dolnej sUDAn
85%
U grupa mięśni kończyny dolnej sUDAn południowy
85%
H szynka po angielsku, z błędem gbur baHAMy
79%
B miejsce gdzie można napić się alkoholu BARbados
79%
A ramię po angielsku ARMenia
77%
O skrót imienia żeńskiego na A hOLAndia
74%
G duże naczynie do robienia zupy bułGARia
69%
R żyje się _____ bRAZylia
67%
D potrawy DANIA
67%
B jedna sztuka obuwia dżiBUTi
67%
D potrawy jorDANIA
67%
P miejsce z piwem demokratyczna rePUBlika konga
64%
C tlenek węgla CZAD
56%
O imię żeńskie na O bOLIWIA
54%
M brytyjski producent samochodów doMINIkana
54%
J ja spożywam posiłek JEM
54%
K Barbie i ____ KENia
54%
P mężczyzna hiszPANia
51%
P mężczyzna PANama
51%
C podbródek po angielsku CHINy
41%
F imię męskie na F FILIPiny
41%
B kartka uprawniająca do odbioru czegoś gaBON
38%
G pozostałości po wyburzeniu GRUZja
38%
K King ____, film przygodowy KONGo
38%
S 1000:10 eSTOnia
36%
D imię żeńskie na D DOMINIKA
33%
K stan zapalny błony śluzowej KATAR
33%
P dym po podniesieniu pokrywki od garnka PARAgwaj
33%
S potocznie ojciec koSTARYka
31%
O narząd wzroku marOKO
28%
N kto? - my, komu? - ____ NAMibia
28%
N kto? - my, komu? - ____ suriNAM
28%
N kto? - my, komu? - ____ wietNAM
28%
K skrót imienia męskiego na J KUBA
26%
L pierwiastek o liczbie atomowej 3 LITwa
26%
B polski bank, ?????? ????? środowiska BOŚnia i hercegowina
23%
I typ muzyki, artystyczna niezależność INDIE
23%
K mandat, stanie w kącie, prace społeczne, więzienie niKARAgua
23%
R napój alkoholowy RUMunia
23%
G zadowolony po angielsku banGLADesz
21%
E wzdychnięcie liECHtenstein
21%
P spożywanie papierosów w trybie rozkazującym nePAL
21%
N obraźliwe określenie angielskie na osobę ciemnoskórą NIGER
21%
N obraźliwe określenie angielskie na osobę ciemnoskórą NIGERia
21%
P spożywanie papierosów w trybie rozkazującym PALau
21%
S wyrazy SŁOWAcja
21%
J wgłębienie w skali JAMAjka
18%
M jacy są? - niscy, chudzi, ___ MALI
18%
A ___ + F4 = zamknięcie okna mALTa
18%
S śpiewać po angielsku SINGapur
18%
C historyczny tytuł przywódcy Rosji szwajCARia
15%
A słowo, które zmienia kierunek zdania mALEzja
13%
P jedyna państwowa agencja informacyjna w Polsce PAPua nowa-gwinea
13%
V dostawczak VANuatu
13%
B turecki wódz azerBEJdżan
8%
K teren wyodrębniony na podstawie cech przyrodniczych uKRAINA
8%
O skrót od fetyszu sikania w majtki kOMOry
5%
I lud na półwyspie ______, linie lotnicze lIBERIA
5%
U typ klubu (np. MKP), często w szkolnych klubach lUKSemburg
5%
L dioda elektroluminescencyjna maLEDiwy
5%
W imię żeńskie na W rWANDA
5%
T zegar _____ waTYKAn
5%
W zgrubienie wytworu naskórka WŁOCHY
5%
D skrót imienia na D maDAGAskar
3%
Nie znaleziono quizów pasujących do podanych kryteriów
Rozkład punktacji
Procent ludzi z każdym wynikiem
Percentyl według liczby udzielonych odpowiedzi
Twoja historia wyników
Nie rozwiązałeś tego quizu